| 000 | 00527nam a22001817a 4500 | ||
|---|---|---|---|
| 003 | KOHA_MİRAKIL | ||
| 005 | 20251221123253.0 | ||
| 008 | 251221b tu ||||| |||| 00| 0 tur d | ||
| 020 | _a9786254450525 | ||
| 040 |
_aTR-AnABB _btur _cTR-AnABB |
||
| 041 | _atur | ||
| 082 |
_a363.280956102 _bCOV 2022 |
||
| 245 | 1 | 0 | _aCovid-19 politikaları ve kolluk / |
| 260 |
_aAnkara : _bJandarma ve Sahil Güvenlik Akademisi Yayınları, _c2022 |
||
| 300 |
_a260 sayfa ; _c24 cm |
||
| 650 | 0 | 4 | _aJandarma teşkilatı |
| 942 |
_2ddc _cBK |
||
| 999 |
_c9818 _d9818 |
||
| 900 | _bGizem YORULMAZ | ||